Quiz sul Lazio - Statistics

Statistiche generali
  • Questo quiz è stato fatto 3.485 volte
  • Il punteggio medio è 14 su 24
Statistiche sulle risposte
Definizioni Risposte % Corretto
Capoluogo di Regione e Capitale d'Italia Roma
100%
Stato estero con cui confina il Lazio Città del Vaticano
95%
Terzo fiume italiano che attraversa la regione Tevere
93%
Altre Province Latina
92%
Mare che bagna la Regione Mar Tirreno
92%
Numero di Regioni confinanti Sei
92%
Altre Province Frosinone
84%
Altre Province Viterbo
80%
Altre Province Rieti
74%
Qui nel 1870 venne aperta qui una breccia che permise all'esercito del Regno d'Italia di sconfiggere le guardie pontificie Porta Pia
67%
Località che ha dato il nome ad un famoso condimento per la pasta con guanciale pomodoro e pecorino. Amatrice
64%
Sigla che compare sullo stemma regionale S.P.Q.R.
57%
Isola più grande del Lazio che dà il nome all'arcipelago a cui appartiene Ponza
49%
Città con uno dei porti più importanti d'Italia Civitavecchia
46%
Lago vulcanico chiamato anche Sabatino Lago di Bracciano
38%
Area geografica del Lazio meridionale che prende il nome da una calzatura tipica del luogo Ciociaria
37%
Cittadina in cui un Pontefice ricevette uno storico "schiaffo" Anagni
35%
Località la cui Abbazia fu bombardata durante il secondo conflitto mondiale Montecassino
33%
Località in cui sorge la residenza estiva del Pontefice Castel Gandolfo
31%
Attore simbolo del cinema italiano protagonista di "8 e1/2" Marcello Mastroianni
26%
Regista vincitore di 4 premi Oscar per il miglior film straniero Vittorio De Sica
25%
Località in cui si rifugiò Francesco II di Borbone e che vide la fine del Regno delle Due Sicilie Gaeta
20%
Palazzo in cui si svolse il primo Conclave della storia Palazzo dei {Papi}
20%
Area geografica che comprende anche il Lazio settentrionale Tuscia
20%
Nessun quiz corrispondente trovato
Distribuzione punteggi
Percentuale di utenti per punteggio
Percentile per numero di risposta
I tuoi punteggi nel tempo
Non hai fatto questo quiz